Statistics for France Top 10 Cities by Region Map Quiz

Click here to take the quiz!

General Stats

  • This quiz has been taken 82 times
  • The average score is 78 of 130

Answers on the Map

Answers color-coded by a green-red scale on the quiz's map according to % correct below.
 

Answer Stats

RégionCommune2017% Correct
Île-de-FranceParis2 187 526
97%
Nouvelle-AquitaineBordeaux254 436
95%
Auvergne-Rhône-AlpesLyon516 092
95%
Provence-Alpes-Côte d'AzurNice340 017
95%
Provence-Alpes-Côte d'AzurMarseille863 310
93%
Pays de la LoireNantes309 346
93%
BretagneBrest140 064
92%
NormandieLe Havre170 147
92%
Hauts-de-FranceLille232 787
92%
Grand EstStrasbourg280 966
92%
OccitanieToulouse479 553
92%
NormandieCaen105 354
90%
Auvergne-Rhône-AlpesGrenoble158 454
90%
OccitanieMontpellier285 121
90%
Hauts-de-FranceCalais73 911
88%
Bourgogne-Franche-ComtéDijon156 920
88%
Centre-Val de LoireTours135 787
88%
Pays de la LoireAngers152 960
86%
Pays de la LoireLe Mans142 946
86%
Grand EstNancy104 286
86%
Centre-Val de LoireOrléans116 685
86%
BretagneRennes216 815
86%
NormandieRouen110 145
86%
Hauts-de-FranceAmiens134 057
85%
Auvergne-Rhône-AlpesClermont-Ferrand143 886
85%
Grand EstMetz116 429
85%
Grand EstReims182 460
85%
Provence-Alpes-Côte d'AzurToulon171 953
85%
Grand EstMulhouse109 443
83%
Auvergne-Rhône-AlpesSaint-Étienne172 565
83%
CorseAjaccio70 659
81%
Nouvelle-AquitaineLimoges132 175
81%
OccitanieNîmes150 610
81%
OccitaniePerpignan120 158
81%
Provence-Alpes-Côte d'AzurAvignon91 921
80%
Provence-Alpes-Côte d'AzurCannes73 868
80%
Pays de la LoireLa Roche-sur-Yon54 372
80%
Île-de-FranceSaint-Denis111 135
78%
NormandieSaint-Étienne-du-Rouvray28 641
78%
Île-de-FranceVersailles85 862
78%
Auvergne-Rhône-AlpesAnnecy126 924
76%
Bourgogne-Franche-ComtéBesançon115 934
76%
Nouvelle-AquitaineLa Rochelle75 735
76%
Nouvelle-AquitainePau77 130
76%
Provence-Alpes-Côte d'AzurAix-en-Provence142 482
75%
Grand EstColmar69 105
75%
BretagneQuimper62 985
75%
Nouvelle-AquitainePoitiers88 291
73%
CorseBastia45 715
71%
Bourgogne-Franche-ComtéBelfort47 656
69%
BretagneLorient57 149
69%
Auvergne-Rhône-AlpesVilleurbanne147 712
69%
OccitanieCarcassonne46 031
68%
NormandieCherbourg-en-Cotentin79 200
68%
Grand EstTroyes61 652
68%
Bourgogne-Franche-ComtéAuxerre34 634
66%
Hauts-de-FranceRoubaix96 990
66%
Auvergne-Rhône-AlpesValence63 714
66%
Centre-Val de LoireBourges64 551
64%
Hauts-de-FranceDunkerque87 353
64%
Nouvelle-AquitaineBayonne51 228
63%
Île-de-FranceBoulogne-Billancourt120 071
63%
Hauts-de-FranceBeauvais56 254
61%
OccitanieNarbonne54 700
61%
BretagneSaint-Malo46 097
61%
Pays de la LoireSaint-Nazaire69 993
61%
Hauts-de-FranceTourcoing97 368
61%
BretagneVannes53 352
61%
Hauts-de-FranceValenciennes43 336
59%
Centre-Val de LoireBlois46 086
58%
Nouvelle-AquitaineNiort58 707
58%
Île-de-FranceArgenteuil110 210
56%
Île-de-FranceMontreuil109 897
56%
Bourgogne-Franche-ComtéChalon-sur-Saône45 096
54%
Auvergne-Rhône-AlpesChambéry58 919
54%
Provence-Alpes-Côte d'AzurFréjus52 672
54%
Provence-Alpes-Côte d'AzurAntibes72 999
53%
OccitanieBéziers77 177
53%
Grand EstCharleville-Mézières46 428
53%
NormandieÉvreux47 733
53%
OccitanieMontauban60 810
53%
Centre-Val de LoireChartres38 578
51%
Centre-Val de LoireChâteauroux43 741
51%
Île-de-FranceCréteil90 605
51%
Provence-Alpes-Côte d'AzurHyères55 588
51%
Pays de la LoireLaval49 728
51%
Île-de-FranceNanterre95 105
51%
Hauts-de-FranceSaint-Quentin53 816
51%
OccitanieAlbi48 970
49%
NormandieDieppe29 080
49%
Bourgogne-Franche-ComtéNevers32 990
49%
BretagneSaint-Brieuc44 372
49%
CorsePorto-Vecchio12 042
47%
OccitanieSète43 229
46%
CorseCalvi5 559
44%
Hauts-de-FranceVilleneuve-d'Ascq63 408
44%
NormandieAlençon25 848
42%
Nouvelle-AquitaineBrive-la-Gaillarde46 916
42%
Grand EstChâlons-en-Champagne44 753
42%
Centre-Val de LoireDreux31 044
42%
Bourgogne-Franche-ComtéMâcon33 638
42%
Nouvelle-AquitaineMérignac70 105
42%
BretagneFougères20 418
39%
Grand EstThionville40 701
39%
Provence-Alpes-Côte d'AzurLa Seyne-sur-Mer63 936
37%
Pays de la LoireCholet53 917
36%
CorseCorte7 446
36%
Bourgogne-Franche-ComtéDole23 708
36%
Nouvelle-AquitainePessac63 808
36%
Île-de-FranceVitry-sur-Seine93 557
34%
Bourgogne-Franche-ComtéMontbéliard25 395
32%
Bourgogne-Franche-ComtéSens25 935
32%
Auvergne-Rhône-AlpesVénissieux65 894
32%
Île-de-FranceAubervilliers86 375
31%
Centre-Val de LoireJoué-lès-Tours37 893
31%
Pays de la LoireLes Sables-d'Olonne44 017
31%
Auvergne-Rhône-AlpesVaulx-en-Velin49 658
27%
Centre-Val de LoireVierzon25 903
25%
BretagneLannion19 880
24%
NormandieLe Grand-Quevilly25 698
24%
Pays de la LoireRezé41 411
24%
Pays de la LoireSaint-Herblain46 268
19%
NormandieSotteville-lès-Rouen28 965
19%
CorseBorgo8 760
17%
BretagneLanester22 728
15%
CorseBiguglia7 923
12%
Centre-Val de LoireOlivet21 951
12%
CorseFuriani5 628
10%
CorseGhisonaccia4 225
8%
CorseLucciana5 780
3%

Score Distribution

Percentile by Number Answered

Percent of People with Each Score

Your Score History

You have not taken this quiz